000 02505cam a22002054a 4500
005 20250605164022.0
008 250528s ||||||||||||||||||||||||d
035 _a16381
040 _aGR-AtMCL
_bgre
_dGR-AtMCL
_eAACR2
245 1 _aΣτοιχεία Ναυτιλιακής Λογιστικής / Δι' Επιχειρήσεις Εκμεταλλευόμενας Φορτηγά και Δεξαμενόπλοια
250 _a
260 _bΑθήνα,
_c1977
300 _a210
505 0 _aΠρόλογος, Εισαγωγή, Λειτουργία Λογαριασμών Ενεργητικού, Λειτουργία Λογαριασμών Παθητικού και Καθαράς Θέσεως, Ο Λογαριασμός του Πλοιάρχου, Λειτουργία των Λογαριασμών Εσόδων - Εξόδων και Κατανομή των στους Λογαριασμούς Εκμεταλλεύσεως, Επισκευές του Πλοίου, Απόσβεση Πλοίων, Τόκοι Πιστωτικών Κεφαλαίων, Λογαριασμοί σε Ξ΄΄ενο Νόμισμα, Λογαριασμός Αποτελεσμάτων Χρήσεως, Λογιστικό Σχέδιο, Καθορισμός του Κατάλληλου Λογιστικού Συστήματος στις Ναυτιλιακές Επιχειρήσεις, Βοηθητικά Βιβλία Ναυτιλιακής Επιχείρησης.
520 _aΠρόλογος, Εισαγωγή, Λειτουργία Λογαριασμών Ενεργητικού, Λειτουργία Λογαριασμών Παθητικού και Καθαράς Θέσεως, Ο Λογαριασμός του Πλοιάρχου, Λειτουργία των Λογαριασμών Εσόδων - Εξόδων και Κατανομή των στους Λογαριασμούς Εκμεταλλεύσεως, Επισκευές του Πλοίου, Απόσβεση Πλοίων, Τόκοι Πιστωτικών Κεφαλαίων, Λογαριασμοί σε Ξ΄΄ενο Νόμισμα, Λογαριασμός Αποτελεσμάτων Χρήσεως, Λογιστικό Σχέδιο, Καθορισμός του Κατάλληλου Λογιστικού Συστήματος στις Ναυτιλιακές Επιχειρήσεις, Βοηθητικά Βιβλία Ναυτιλιακής Επιχείρησης.
700 1 _aΧαραλάμπους Αντώνης
_92477
942 _cBK
999 _c1889
_d1889